<?xml version="1.0" encoding="UTF-8"?>
<record
    xmlns:xsi="http://www.w3.org/2001/XMLSchema-instance"
    xsi:schemaLocation="http://www.loc.gov/MARC21/slim http://www.loc.gov/standards/marcxml/schema/MARC21slim.xsd"
    xmlns="http://www.loc.gov/MARC21/slim">

  <leader>01535nam a2200217 i 4500</leader>
  <controlfield tag="001">40171</controlfield>
  <controlfield tag="003">ES-MaACL</controlfield>
  <controlfield tag="005">20230906160144.0</controlfield>
  <controlfield tag="007">t|</controlfield>
  <controlfield tag="008">030305m18551860fr           ||||1| fre d</controlfield>
  <datafield tag="100" ind1="1" ind2=" ">
    <subfield code="a">Capefigue, Jean-Baptiste-Honor&#xE9;-Raymond.</subfield>
    <subfield code="9">34809</subfield>
  </datafield>
  <datafield tag="245" ind1="1" ind2="0">
    <subfield code="a">Histoire des grandes operations financi&#xE8;res, banques, bourses, emprunts, compagnies industrielles... / </subfield>
    <subfield code="c">par Jean-Baptiste-Honor&#xE9;-Raymond Capefigue.</subfield>
  </datafield>
  <datafield tag="260" ind1=" " ind2=" ">
    <subfield code="a">Paris : </subfield>
    <subfield code="b">Amyot, </subfield>
    <subfield code="c">1855-1860 (</subfield>
    <subfield code="f">Typ. Ernest Meyer)</subfield>
  </datafield>
  <datafield tag="300" ind1=" " ind2=" ">
    <subfield code="a">4 v. ; </subfield>
    <subfield code="c">21 cm.</subfield>
  </datafield>
  <datafield tag="505" ind1="8" ind2=" ">
    <subfield code="a">Contiene: T.1: Les fermiers g&#xE9;n&#xE9;raux depuis le XVIII si&#xE8;cle jusqu'a leur mort sur l'&#xE9;chafaud le 15 mai 1794. -- T.II: Banquiers, fourniseurs, acqu&#xE9;seurs des biens nationaux, emprunts, syst&#xE8;me financier de Pitt et Castelreagh. -- T.III: Emprunts, bouses, cr&#xE9;dit public, grands capitaliste de l'Europe : 1814-1852. -- T.IV: Compagnies industrielles et commerciales, canaux, ponts, chemins de fer, cr&#xE9;dit foncier et mobilier, despuis le Moyen Age jusqu'a nos jours</subfield>
  </datafield>
  <datafield tag="740" ind1="4" ind2=" ">
    <subfield code="a">Les fermiers g&#xE9;n&#xE9;raux depuis le XVIII si&#xE8;cle jusqu'a leur mort sur l'&#xE8;chafaud le 15 mai 1794.</subfield>
  </datafield>
  <datafield tag="740" ind1="0" ind2=" ">
    <subfield code="a">Banquiers, fourniseurs, acqu&#xE9;seurs des biens nationaux, emprunts, syst&#xE8;me financier de Pitt et Catelreagh.</subfield>
  </datafield>
  <datafield tag="740" ind1="0" ind2=" ">
    <subfield code="a">Emprunts, burses, cr&#xE9;dit public, grands capitalistes de l'Europe : 1814-1852.</subfield>
  </datafield>
  <datafield tag="740" ind1="0" ind2=" ">
    <subfield code="a">Compagnies industrielles et commerciales, canaux, ponts, chemins de fer, cr&#xE9;dit foncier et mobilier, depuis le Moyen Age jusqu'a nos jours.</subfield>
  </datafield>
  <datafield tag="852" ind1=" " ind2=" ">
    <subfield code="a">ES-MaACL</subfield>
    <subfield code="j">G-7962-65</subfield>
  </datafield>
  <datafield tag="999" ind1=" " ind2=" ">
    <subfield code="c">40171</subfield>
    <subfield code="d">40171</subfield>
  </datafield>
  <datafield tag="952" ind1=" " ind2=" ">
    <subfield code="0">0</subfield>
    <subfield code="1">0</subfield>
    <subfield code="4">0</subfield>
    <subfield code="7">0</subfield>
    <subfield code="8">LIBXIX</subfield>
    <subfield code="a">ATENEOM</subfield>
    <subfield code="b">ATENEOM</subfield>
    <subfield code="c">SPP3</subfield>
    <subfield code="d">2008-01-17</subfield>
    <subfield code="e">SC</subfield>
    <subfield code="l">0</subfield>
    <subfield code="o">G-7962-65</subfield>
    <subfield code="p">1042294</subfield>
    <subfield code="r">2023-02-23 00:00:00</subfield>
    <subfield code="w">2023-02-23</subfield>
    <subfield code="y">MONANT</subfield>
  </datafield>
</record>
